01453nam a22002057a 4500003000900000005001700009008004100026040001300067100002700080245004600107260007900153300001900232490010400251500013000355520053100485942001201016999001901028952010001047952010001147IT-RoPau20220918181222.0141007b xxu||||| |||| 00| 0 eng d cIT-RoPau aDal Molin, Nico934004 aCammini di SperanzabPer liberare la vita aCastelgandolfo (Roma)bCentro Sussidi Vocazionali (Suore Apostoline)c1996 a107 pp.c20 cm aCentro Sussidi Vocazionali (Suore Apostoline)v2° Vol. - Supplemento a Se vuoi 5/1996 - Anno XXXVI aA quelle presenze amiche, attente e discrete che mi hanno insegnato a guardare in alto... a cercare e ad invocare la Speranza aIndice Prefazione Presentazione Speranza: la ricerca… l’attesa Alle radici della Speranza La Speranza: un cammino, una lotta, un rischio Dimmi come vivi e ti dirò chi sei Pietre d’inciampo sulla via della Speranza La Speranza nasce da un cuore in pace Un’amicizia per camminare sui sentieri della Speranza Cerchi la Speranza? Troverai Libertà La Speranza mette radici nella Fedeltà La Speranza matura nel silenzio Dal dolore può nascere la Speranza Per far crescere in noi la Speranza Lampionai della Speranza  2ddccBK c104522d104522 00102ddc406P_E271aPAULUSbPAULUSd2014-10-07l0oP E2r2014-10-07 00:00:00w2014-10-07yBK 00102ddc406P_E271aPAULUSbPAULUSd2014-10-07l0oP E2r2014-10-07 00:00:00w2014-10-07yBK